WWE Universal Champions (up to April 2024) - Statistics

General Stats
  • This quiz has been taken 1,664 times
    995 since last reset
  • The average score is 8 of 9
Answer Stats
Title Reigns Last Won Champion % Correct
2 2020 Roman Reigns
99%
1 2024 Cody Rhodes
97%
3 2019 Brock Lesnar
96%
2 2019 Seth Rollins
96%
1 2016 Finn Balor
94%
2 2020 Bray Wyatt
92%
1 2016 Kevin Owens
90%
2 2020 Goldberg
88%
1 2020 Braun Strowman
87%
No matching quizzes found
Score Distribution
Percent of People with Each Score
Percentile by Number Answered
Your Score History
You have not taken this quiz since the last reset